01182 a2200181 45000010006000000050017000060080041000230030015000640400040000790800022001192450062001412500012002032640051002153000032002665050679002980410008009771000015009855023220260407155802.0260407a1964 arg spa dAR-UNSa-BCEJYS aAR-UNSa-BCEJYSbspacAR-UNSa-BCEJYS a316xSociología10aEconomía y sociedadpesbozo de sociología comprensiva a2a. ed. 1aMéxico :bFondo de Cultura Económicac1964 a2 v. (660 ; 575 p.)c24 cm. aVol. I: PRIMERA PARTE: TEORÍA DE LAS CATEGORÍAS SOCIOLÓGICAS: 1. Conceptos sociológicos fundamentales - 2. Las categorías sociológicas fundamentales de la vida económica - 3. Los tipos de dominación - 4. Estamentos y clases -- SEGUNDA PARTE: LA ECONOMÍA Y LOS ÓRDENES Y PODERES SOCIALES: 1. La economía y los diversos órdenes - 2. Economía y sociedad en general - 3. Tipos de comunidad y sociedad - 4. Comunidades étnicas - 5.Sociología de la comunidad religiosa (Sociología de la religión) - 6. Mercado - 7. Economía y derecho (Sociología del derecho) -- Vol. II: 8. Las comunidades políticas - 9. Sociología de la dominación.  aspa1 aWeber, Max